Development in waste water treatment research and processes : (Record no. 3283)
[ view plain ]
| 000 -LEADER | |
|---|---|
| fixed length control field | 03578cam a2200469 i 4500 |
| 006 - FIXED-LENGTH DATA ELEMENTS--ADDITIONAL MATERIAL CHARACTERISTICS--GENERAL INFORMATION | |
| fixed length control field | m o d |
| 007 - PHYSICAL DESCRIPTION FIXED FIELD--GENERAL INFORMATION | |
| fixed length control field | cr cnu---unuuu |
| 008 - FIXED-LENGTH DATA ELEMENTS--GENERAL INFORMATION | |
| fixed length control field | 220829s2022 ne a ob 001 0 eng d |
| 020 ## - INTERNATIONAL STANDARD BOOK NUMBER | |
| International Standard Book Number | 9780323984515 |
| Qualifying information | electronic book |
| 020 ## - INTERNATIONAL STANDARD BOOK NUMBER | |
| International Standard Book Number | 0323984517 |
| Qualifying information | electronic book |
| 020 ## - INTERNATIONAL STANDARD BOOK NUMBER | |
| Qualifying information | |
| 020 ## - INTERNATIONAL STANDARD BOOK NUMBER | |
| Qualifying information | |
| 040 ## - CATALOGING SOURCE | |
| Original cataloging agency | IMU Kochi Library |
| Language of cataloging | eng |
| 041 0# - LANGUAGE CODE | |
| Language code of text/sound track or separate title | eng |
| 082 04 - DEWEY DECIMAL CLASSIFICATION NUMBER | |
| Classification number | 628.3 |
| Edition number | 23 |
| 245 00 - TITLE STATEMENT | |
| Title | Development in waste water treatment research and processes : |
| Sub Title | treatment and reuse of sewage sludge : an innovative approach for wastewater treatment / |
| 300 ## - PHYSICAL DESCRIPTION | |
| Extent | 1 online resource (xix, 464 pages) : |
| Other physical details | illustrations |
| 500 ## - GENERAL NOTE | |
| General note | 1. Sewage Sludge: What it is? -- 2. Sewage Sludge: Chemical Composition of Raw Sludge and its Significance -- 3. Sewage Sludge: Treatment and Disposal Norms and Legislations (Global) -- 4. Sewage Sludge: Treatment (Electro-Mechanical) Practices -- 5. Sewage Sludge: Treatment (Gasification) Practices -- 6. Sewage Sludge: Treatment (Physico-Chemical) Practices -- 7. Sewage Sludge: Treatment (Bio-Chemical) Practices -- 8. Sewage Sludge Recovery: Composition, Reuse Potentials -- 9. Sewage Sludge: Reuse (Composting and Manure) -- 10. Sewage Sludge: Reuse (Waste to Energy Potential Practices) -- 11. Sewage Sludge: Digging the Gold: Future Potentials & Practices -- 12. Sewage Sludge: Contribution to Sustainable Circular Economy with Case Studies. |
| 504 ## - BIBLIOGRAPHY, ETC. NOTE | |
| Bibliography, etc | Includes bibliographical references and index. |
| 520 ## - SUMMARY, ETC. | |
| Summary, etc | Treatment and Reuse of Sewage Sludge: An Innovative Approach for Wastewater Treatment: Developments in Waste Water Treatment Research and Processes series, focuses on the exploitation of various treatment technologies and their use to treat sewage sludge to detoxify/stabilize toxic and hazardous contaminants and restore contaminated sites, which lacks in a more comprehensive manner in currently existing titles on similar topics. The book includes current beneficial sludge utilization practices such as land application, energy recovery, use as an alternative fuel source, use as a construction material and resource recovery from sewage sludge using emerging technologies. In addition, the book includes numerous current and advanced sewage sludge treatment and reuse technologies and associated microbes to effectively treat and manage hazardous industrial wastes/or wastewater pollutants for environmental safety, sustainability and public health protection. The book is a reference for all researchers working in the field of environmental engineering, bioengineering, waste management, and related fields. |
| 500 ## - GENERAL NOTE | |
| General note | Includes index. |
| 650 #0 - SUBJECT ADDED ENTRY--TOPICAL TERM | |
| Topical term or geographic name as entry element | Sewage |
| General subdivision | Purification. |
| 650 #0 - SUBJECT ADDED ENTRY--TOPICAL TERM | |
| Topical term or geographic name as entry element | Sewage sludge |
| General subdivision | Recycling. |
| 650 #6 - SUBJECT ADDED ENTRY--TOPICAL TERM | |
| Topical term or geographic name as entry element | Eaux us�ees |
| General subdivision | �Epuration. |
| 650 #6 - SUBJECT ADDED ENTRY--TOPICAL TERM | |
| Topical term or geographic name as entry element | Boues d'�epuration |
| General subdivision | Valorisation. |
| 650 #7 - SUBJECT ADDED ENTRY--TOPICAL TERM | |
| Topical term or geographic name as entry element | Sewage |
| General subdivision | Purification |
| Source of heading or term | fast |
| 650 #7 - SUBJECT ADDED ENTRY--TOPICAL TERM | |
| Topical term or geographic name as entry element | Sewage sludge |
| General subdivision | Recycling |
| Source of heading or term | fast |
| 700 1# - ADDED ENTRY--PERSONAL NAME | |
| Personal name | Shah, Maulin P., |
| Relator term | |
| 700 1# - ADDED ENTRY--PERSONAL NAME | |
| Personal name | Rodriguez-Couto, Susana, |
| Relator term | |
| 700 1# - ADDED ENTRY--PERSONAL NAME | |
| Personal name | Shah, Nidhi, |
| Relator term | |
| 700 1# - ADDED ENTRY--PERSONAL NAME | |
| Personal name | Banerjee, Rajarshi, |
| Relator term | |
| 852 ## - LOCATION/CALL NUMBER | |
| Location | IMU Kochi Library |
| 856 40 - ELECTRONIC LOCATION AND ACCESS | |
| Uniform Resource Identifier | <a href="https://www.sciencedirect.com/science/book/9780323855846">https://www.sciencedirect.com/science/book/9780323855846</a> |
| 904 ## - LOCAL DATA ELEMENT D, LDD (RLIN) | |
| CATALOGER | Rudra Ranjan |
| 905 ## - LOCAL DATA ELEMENT E, LDE (RLIN) | |
| VERIFIER | Rudra Ranjan |
| 942 ## - ADDED ENTRY ELEMENTS (KOHA) | |
| Item type | E-Book |
| 264 #1 - | |
| -- | Amsterdam ; |
| -- | Cambridge, MA : |
| -- | Elsevier, |
| -- | [2022] |
| 338 ## - | |
| -- | online resource |
| 650 #6 - SUBJECT ADDED ENTRY--TOPICAL TERM | |
| -- | (CaQQLa)201-0008737 |
| 650 #6 - SUBJECT ADDED ENTRY--TOPICAL TERM | |
| -- | (CaQQLa)201-0310651 |
| 650 #7 - SUBJECT ADDED ENTRY--TOPICAL TERM | |
| -- | (OCoLC)fst01113752 |
| 650 #7 - SUBJECT ADDED ENTRY--TOPICAL TERM | |
| -- | (OCoLC)fst01114046 |
No items available.